01477nam a22002057a 4500003000900000005001700009008004100026040002800067100003800095245023600133260004100369300002200410502018800432504005300620505035500673700004401028700003501072700003701107830012701144DO-SdBJH20220906181228.0220906b ||||| |||| 00| 0 spa d aDO-SdBJHbspacDO-SdBJH1 aAbad Heredia, Anabelesustentante10aPropuesta para salvaguardar la vida humana e instalaciones físicas dentro de la zona militar Sans Souci a partir del 2021 / c Anabel Abad Heredia, Jefri Bautista Ramírez, asesores Manuel Feliz Ledezma, Eddy Martínez Adames aSanto Domingo Este :bINSUDE, c2020 axii, 35 páginas aTrabajo de grado (Licenciado en Ciencias Navales). -- Instituto Superior para la Defensa (INSUDE). Academia Naval Marina de Guerra “Vicealmirante Cesar D’Windt Lavandier”, 2020. aIncluye referencias bibliográficas e índices aDescribir los factores técnicos, económicos y sociales que intervienen en salvaguardar la vida humana e instalaciones físicas, en la zona militar de Sans Souci, ARD. -- Planes implementados por la Armada de República Dominicana para salvaguardar la vida humana e instalaciones físicas, en la zona militar de Sans Souci, ARD en la actualidad1 aJefri Bautista Ramírez, esustentante1 aFeliz Ledezma, Manuel easesor1 aMartínez Adames, Eddy easesor aINSUDE. Academia Naval Marina de Guerra “Vicealmirante Cesar D’Windt Lavandier”. Tesis y disertaciones académicas